000 00342nam a2200133Ia 4500
008 240624s9999 xx 000 0 und d
041 _aeng
082 _a658.4092 KAT
100 _aKATZENBACH JON R
245 _aLEADING OUTSIDE THE LINES HOW TO MOBILIZ
260 _c2010
_aSan Francisco
_bJossey-Bass
300 _a240 : p.
365 _c
_b26
999 _c21198
_d21198